000 00718nam a22002417a 4500
005 20170124105935.0
010 _aB-108056
020 _c95.00
_a9788186962671
035 _aB-108056
037 _bCen Lib/Ret
040 _aDPL
_bEN
082 _a303.6
100 _aHarsh,Mander
_99630
245 _aCry,my beloved country :
_cby Harsh Mander
_breflections on the Gujarat carnage 2002 and its aftermath /
260 _aNoida
_bRainbow publishers
_c2004
270 _aA-19,sector 56
_bNoida
_e201301
300 _a142p.
_c20cm(pbk)
500 _aIncludes glossary
650 _aIndia--Gujarat
_99631
650 _aEthnic relations
_99632
700 _99600
942 _2ddc
_cEN
_h303.6
_mMAN
999 _c124172
_d124172